MARC details
| 000 -CABECERA |
| campo de control de longitud fija |
01943nam a22002897a 4500 |
| 003 - IDENTIFICADOR DEL NÚMERO DE CONTROL |
| campo de control |
OSt |
| 005 - FECHA Y HORA DE LA ÚLTIMA TRANSACCIÓN |
| campo de control |
20260511105743.0 |
| 008 - DATOS DE LONGITUD FIJA--INFORMACIÓN GENERAL |
| campo de control de longitud fija |
260428b |||||||| |||| 00| 0 eng d |
| 040 ## - FUENTE DE LA CATALOGACIÓN |
| Centro catalogador/agencia de origen |
TBS |
| Lengua de catalogación |
EN |
| Centro/agencia transcriptor |
TBS |
| 041 ## - CÓDIGO DE LENGUA |
| Código de lengua del texto/banda sonora o título independiente |
eng |
| 100 ## - ENTRADA PRINCIPAL--NOMBRE DE PERSONA |
| Nombre de persona |
Idrissi, Zineb Kamal |
| 9 (RLIN) |
26910 |
| Término indicativo de función/relación |
author |
| 245 ## - MENCIÓN DE TÍTULO |
| Título |
Blockchain, IoT and AI in logistics and transportation |
| Resto del título |
: a systematic review |
| Mención de responsabilidad, etc. |
/ Idrissi, Z. K., Lachgar, M., & Hrimech, H. |
| 260 ## - PUBLICACIÓN, DISTRIBUCIÓN, ETC. |
| Nombre del editor, distribuidor, etc. |
Transport Economics and Management, |
| Fecha de publicación, distribución, etc. |
2024 |
| 300 ## - DESCRIPCIÓN FÍSICA |
| Extensión |
275–285 pages. |
| 490 ## - MENCIÓN DE SERIE |
| Designación de volumen o secuencia |
Volume 2 |
| 505 ## - NOTA DE CONTENIDO CON FORMATO |
| Nota de contenido con formato |
Delivering the finest products to consumers at the optimal time, in the perfect location, at the right price, and with the highest quality - these are well-known requirements for logistics and transportation. However, in a dynamic context, it is getting more difficult to achieve these needs. There is a transition from traditional to smart supply chains. The highly dynamic logistics market and the complexity of supply chains require new methods, and services. Aspects such as flexibility, adaptability and traceability are becoming more important and can only be accomplished through the integration of new technologies, especially Blockchain and the Internet of Things (IoT), and artificial intelligence( AI). Therefore, this paper aims to conduct a systematic review of the academic literature on Blockchain, IoT and AI in the context of Smart Logistics. |
| 630 #0 - PUNTO DE ACCESO ADICIONAL DE MATERIA--TÍTULO UNIFORME |
| Título uniforme |
B2 PBT The World of Transportation (BiM) |
| 9 (RLIN) |
26909 |
| 650 #0 - PUNTO DE ACCESO ADICIONAL DE MATERIA--TÉRMINO DE MATERIA |
| Término de materia o nombre geográfico como elemento de entrada |
Transportation |
| Subdivisión general |
Management |
| 9 (RLIN) |
26913 |
| 650 #0 - PUNTO DE ACCESO ADICIONAL DE MATERIA--TÉRMINO DE MATERIA |
| Término de materia o nombre geográfico como elemento de entrada |
Transportation demand management |
| 9 (RLIN) |
26915 |
| 650 #0 - PUNTO DE ACCESO ADICIONAL DE MATERIA--TÉRMINO DE MATERIA |
| Término de materia o nombre geográfico como elemento de entrada |
Business logistics |
| 9 (RLIN) |
2448 |
| 650 #0 - PUNTO DE ACCESO ADICIONAL DE MATERIA--TÉRMINO DE MATERIA |
| Término de materia o nombre geográfico como elemento de entrada |
Innovation/Technology Management |
| 9 (RLIN) |
26914 |
| 650 #0 - PUNTO DE ACCESO ADICIONAL DE MATERIA--TÉRMINO DE MATERIA |
| Término de materia o nombre geográfico como elemento de entrada |
Management information systems |
| 9 (RLIN) |
1250 |
| 700 ## - ENTRADA AGREGADA--NOMBRE PERSONAL |
| Nombre de persona |
Lachgar, Mohamed |
| 9 (RLIN) |
26911 |
| Término indicativo de función/relación |
author |
| 700 ## - ENTRADA AGREGADA--NOMBRE PERSONAL |
| Nombre de persona |
Hrimech, Hamid |
| 9 (RLIN) |
26912 |
| Término indicativo de función/relación |
author |
| 856 ## - LOCALIZACIÓN Y ACCESO ELECTRÓNICOS |
| Identificador Uniforme del Recurso |
<a href="https://research-ebsco-com.hub.tbs-education.fr/linkprocessor/plink?id=cc5ff67d-5657-3334-a5c7-ef29a164100f">https://research-ebsco-com.hub.tbs-education.fr/linkprocessor/plink?id=cc5ff67d-5657-3334-a5c7-ef29a164100f</a> |
| 942 ## - ELEMENTOS DE ENTRADA AGREGADA (KOHA) |
| Fuente del sistema de clasificación o colocación |
Clasificación de Library of Congress |